1227 1062 1934 1955 1989 1763 1709 1613 1751 1513 1645 1979 1805 1851 1926 1205 1391 1182 1624 1705 1887 1776 1164 1026 1157 1861 1231 1839 1531 1531 1446 1610 1004 1161 1929 1240 1334 1410 1404 1413 1976 1363 1113 1244 1893 1101 1511 1175 1503 1143 1203 1246 1399 1034 1092 1365 1721 1276 1931 1479 1294 1162 1291 1321 1674 1225 1848 1414 1128 1050 1897 1289 1144 1452 1085 1900 1510 1185 1398 1595 1970 1949 1292 1064 1812 1642 1531 1325 1496 1752 1708 1961 1713 1018 1652 1183 1434 1440 1495 BCNSPRNW ULIB Ver.6.0+V

เปลี่ยนเป็นภาษาไทย

Change to English
 แสดงรายละเอียดบรรณานุกรม
  กลับหน้าหลัก

Brief Record : Get Marc (ISO 2709) : E-mail record : QR code < ปิดหน้าต่าง
LEADER : 00000nam 2200000uu 4500
001    13399126536
003     ULIB
008    181016s2561||||th 000 0 tha d
020    ^a9789740337676
060    ^aWL101^bฉ52ร
100    ^aเฉง นิลบุหงา
245    ^aระบบประสาทและการทำงาน = Functional Neuroanatomy/^bเฉง นิลบุหงา
250    ^aพิมพ์ครั้งที่ 3
260    ^aกรุงเทพฯ :^bจุฬาลงกรณ์มหาวิทยาลัย,^c2561
300    ^a336 หน้า
650    ^aประสาทกายวิภาคศาสตร์
650  0 ^aระบบประสาท
945    ^p280^l0^i26789
945    ^p280^l0^i26790
945    ^p280^l0^i26791
945    ^p280^l0^i26792
945    ^p280^l0^i26793
999    ^aกัณชพร จุลอักษร
รายการนี้ยังไม่มีแท็ก
คุณยังไม่ได้ล็อกอิน คุณสามารถมีกิจกรรมร่วมกับเว็บไซต์ได้ แต่ต้องล็อกอินก่อน ::
  ล็อกอิน

รายการสื่อสารสนเทศ

ลำดับที่ ประเภท เลขเรียก/บาร์โค้ด สถานที่ สถานะ
1. หนังสือสำรอง
หนังสือสำรอง
WL101 ฉ52ร ฉ.1 
  Barcode: 26789
ห้องสมุดวิทยาเขตนครสวรรค์
►หนังสือทั่วไป:l:General Books
บนชั้น
2. วิทยาศาสตร์การแพทย์ และสุขภาพ
วิทยาศาสตร์การแพทย์ และสุขภาพ
WL101 ฉ52ร ฉ.2 
  Barcode: 26790
ห้องสมุดวิทยาเขตนครสวรรค์
►หนังสือทั่วไป:l:General Books
บนชั้น
3. วิทยาศาสตร์การแพทย์ และสุขภาพ
วิทยาศาสตร์การแพทย์ และสุขภาพ
WL101 ฉ52ร ฉ.3 
  Barcode: 26791
ห้องสมุดวิทยาเขตนครสวรรค์
►หนังสือทั่วไป:l:General Books
บนชั้น
4. วิทยาศาสตร์การแพทย์ และสุขภาพ
วิทยาศาสตร์การแพทย์ และสุขภาพ
WL101 ฉ52ร ฉ.4 
  Barcode: 26792
ห้องสมุดวิทยาเขตนครสวรรค์
►หนังสือทั่วไป:l:General Books
บนชั้น
5. วิทยาศาสตร์การแพทย์ และสุขภาพ
วิทยาศาสตร์การแพทย์ และสุขภาพ
WL101 ฉ52ร ฉ.5 
  Barcode: 26793
ห้องสมุดวิทยาเขตนครสวรรค์
►หนังสือทั่วไป:l:General Books
บนชั้น

รายการใกล้เคียง
    ผู้แต่ง [เฉง นิลบุหงา]

    หัวเรื่อง [ประสาทกายวิภาคศาสตร์]
    หัวเรื่อง [ระบบประสาท]

BibComment


ยังไม่เคยถูกคอมเมนท์

คอมเมนท์ทรัพยากรรายการนี้
  คอมเมนท์: ระบบประสาทและการ..


 Copyright 2026. Bcnsprnw @Library